Sams Teach yourself Swift in 24 hours / (Record no. 23380)
[ view plain ]
| 000 -LEADER | |
|---|---|
| fixed length control field | 00996cam a22003135a 4500 |
| 001 - CONTROL NUMBER | |
| control field | 18748488 |
| 005 - DATE AND TIME OF LATEST TRANSACTION | |
| control field | 20161128153207.0 |
| 008 - FIXED-LENGTH DATA ELEMENTS--GENERAL INFORMATION | |
| fixed length control field | 150818t20162016inua fr 001 0 eng d |
| 010 ## - LIBRARY OF CONGRESS CONTROL NUMBER | |
| LC control number | 2015913414 |
| 020 ## - INTERNATIONAL STANDARD BOOK NUMBER | |
| International Standard Book Number | 9780672337659 |
| 020 ## - INTERNATIONAL STANDARD BOOK NUMBER | |
| International Standard Book Number | 0672337657 |
| 035 ## - SYSTEM CONTROL NUMBER | |
| System control number | (OCoLC)ocn933507053 |
| 040 ## - CATALOGING SOURCE | |
| Original cataloging agency | BKL |
| Language of cataloging | eng |
| Transcribing agency | BKL |
| Modifying agency | YDXCP |
| -- | OLX |
| -- | OCLCF |
| -- | CDX |
| -- | DLC |
| -- | EG-ScBUE |
| 042 ## - AUTHENTICATION CODE | |
| Authentication code | lccopycat |
| 082 04 - DEWEY DECIMAL CLASSIFICATION NUMBER | |
| Edition number | 22 |
| Classification number | 005.133 |
| Item number | MIL |
| 100 1# - MAIN ENTRY--PERSONAL NAME | |
| Personal name | Miller, BJ |
| Titles and other words associated with a name | (Computer software developer), |
| 245 10 - TITLE STATEMENT | |
| Title | Sams Teach yourself Swift in 24 hours / |
| Statement of responsibility, etc | BJ Miller. |
| 246 30 - VARYING FORM OF TITLE | |
| Title proper/short title | Teach yourself Swift in 24 hours |
| 250 ## - EDITION STATEMENT | |
| Edition statement | 2nd ed. |
| 260 ## - PUBLICATION, DISTRIBUTION, ETC. (IMPRINT) | |
| Place of publication, distribution, etc | Indianapolis, Indiana : |
| Name of publisher, distributor, etc | Sams, |
| Date of publication, distribution, etc | c. 2016. |
| 300 ## - PHYSICAL DESCRIPTION | |
| Extent | xvi, 442 p. : |
| Other physical details | ill. ; |
| Dimensions | 24 cm. |
| 500 ## - GENERAL NOTE | |
| General note | Index : p. 421-442. |
| 590 ## - LOCAL NOTE (RLIN) | |
| Local note | Wessam |
| 650 #7 - SUBJECT ADDED ENTRY--TOPICAL TERM | |
| Topical term or geographic name as entry element | Swift (Computer program language). |
| Source of heading or term | BUEsh |
| 9 (RLIN) | 41707 |
| 650 #7 - SUBJECT ADDED ENTRY--TOPICAL TERM | |
| Topical term or geographic name as entry element | Application software |
| General subdivision | Development. |
| Source of heading or term | BUEsh |
| 9 (RLIN) | 4599 |
| 651 ## - SUBJECT ADDED ENTRY--GEOGRAPHIC NAME | |
| Source of heading or term | BUEsh |
| 653 ## - INDEX TERM--UNCONTROLLED | |
| Resource For college | Informatics and Computer Science |
| Arrived date list | November2016 |
| 942 ## - ADDED ENTRY ELEMENTS (KOHA) | |
| Source of classification or shelving scheme | Dewey Decimal Classification |
| Edition | 22 |
| Call number prefix | 005.133 MIL |
| Withdrawn status | Item status | Source of classification or shelving scheme | Damaged status | Not for loan | Vendor | Home library | Current library | Shelving location | Date acquired | Source of acquisition | Cost, normal purchase price | Serial Enumeration / chronology | Total Checkouts | Full call number | Barcode | Date last seen | Date last borrowed | Cost, replacement price | Koha item type |
|---|---|---|---|---|---|---|---|---|---|---|---|---|---|---|---|---|---|---|---|
| Dewey Decimal Classification | Alahram | Central Library | Central Library | Lower Floor | 28/11/2016 | Purchase | 315.00 | 117 | 2 | 005.133 MIL | 000034824 | 15/07/2025 | 18/02/2020 | 393.75 | Book - Borrowing |